000 00607nam a2200217Ia 4500
003 OSt
005 20220926034447.0
006 a|||||r|||| 00| 0
007 ta
008 220923b |||||||| |||| 00| 0 eng d
037 _cGeneral Book
040 _aRTL
_cRTL
_beng
041 _2eng
_aeng
082 _aSigma.44Q7.N6, K5
245 0 _aArea handbook for Pakistan
260 _aWashington
_bU S Government printing Office
_c1965
300 _axi,607p. Bib p. 571-607
_ccm.
650 _aSocial Sciences
942 _hSigma.44Q7.N6, K5
_cGB
_2CC
999 _c659564
_d659564